| 000 | 00950nam a22002297a 4500 | ||
|---|---|---|---|
| 999 |
_c177586 _d177586 |
||
| 005 | 20210408115650.0 | ||
| 010 | _aB-739336-338 B-739740 | ||
| 020 |
_a9789389136487 _c250.00 |
||
| 035 | _aB-739336-338 | ||
| 035 | _aB-739740 | ||
| 037 | _bNiyogi Books | ||
| 037 | _bGift | ||
| 082 | _aN | ||
| 100 | _aDefoe, Daniel | ||
| 245 |
_aRobinson crusoe / _cby Daniel Defoe |
||
| 260 |
_aNew Delhi _bNiyogi Books _c2020 |
||
| 270 |
_aBlock D, Building No. 77, Okhla Industrial Area, Phase-I _bNew Delhi _e110020 |
||
| 300 |
_a111p.: _c19cm(Hb) _bill. |
||
| 942 |
_2ddc _cCH _hN _mDEF |
||